000 00675nam a2200229 a 4500
999 _c3769
_d3769
001 3769
003 BD-JhCC
005 20171118163446.0
008 171118s1976 bg |||| |||| 000 0 ben d
035 _a(BD-JhCC)3769
040 _aBD-JhCC
_dBD-JhCC
041 _aben
082 _a891.4415
_bSHA 1976
100 _aরহমান, শামসুর
245 _aআদিগন্ত নগ্ন পদধ্বনি /
_cশামসুর রহমান.
250 _a2nd Edi.
260 _aঢাকা :
_bসন্ধানী প্রকাশনী,
_c1976.
300 _a80 p. :
_c21 cm.
650 _aBengali Poems
942 _2ddc
_cBK